On This Day: December 13th Quiz Stats

 Plays Quiz Updated Dec 13, 2017

Score 0/7 Timer 03:00
0 Plays Today
Question Answer Wrong Answers
The American military conducts Operation Red Dawn, capturing this former Iraqi President near his hometown of Tikrit.
2003
Saddam Hussein
89.3%
Muammar Gaddafi
4.5%
Ahmed Hassan al-Bakr
1.8%
Tariq Aziz
1.7%
General Wojciech Jaruzelski declares martial law in ______, largely due to the actions by the labor union 'Solidarity.'
1981
Poland
87.1%
Germany
2.3%
Austria
3.2%
Latvia
5%
In Fredericksburg, ______, Confederate General Robert E. Lee defeats Union Major General Ambrose Burnside, ending another Union campaign in the Eastern Theater.
1862
Virginia
80.9%
Georgia
3.6%
Kentucky
8.1%
Tennessee
7.3%
Archbishop Makarios III becomes the first president of this Mediterranean island nation.
1959
Cyprus
65.5%
Malta
17.4%
Sicily
4.9%
Crete
10.7%
This American singer-songwriter, who won an Album of the Year Grammy for ‘Fearless’ in 2010, is born.
1989
Taylor Swift
63.8%
Selena Gomez
5.4%
Katy Perry
22.2%
Ariana Grande
6%
This jazz-influenced orchestral piece by American composer George Gershwin is first performed.
1928
An American in Paris
48.9%
Anything Goes
20.6%
White Christmas
18.6%
Appalachian Spring
11.1%
Constantine II of ______ attempts an unsuccessful counter-coup against the military junta known as the Regime of the Colonels.
1967
Greece
48.8%
Turkey
38.2%
Jordan
4.3%
Bulgaria
6.7%

You're not logged in!

Compare scores with friends on all Sporcle quizzes.
OR
Log In

You Might Also Like...

Show Comments

Extras

Top Quizzes Today


Score Distribution

Your Account Isn't Verified!

In order to create a playlist on Sporcle, you need to verify the email address you used during registration. Go to your Sporcle Settings to finish the process.

Report this User

Report this user for behavior that violates our Community Guidelines.

Details: